| Tag |
First Indicator |
Second Indicator |
Subfields |
| LEADER |
00000cam a2200000 a 4500 |
| 001 |
in00000742913 |
| 005 |
20151016164142.0 |
| 008 |
880518s1988 nyua 00110 eng |
| 010 |
|
|
|a 88009379
|
| 020 |
|
|
|a 0831111836 (pbk.):
|c $29.95
|
| 035 |
|
|
|a (OCoLC)18049717
|
| 035 |
|
|
|9 ADJ5413AM
|
| 040 |
|
|
|a DLC
|c DLC
|d TXA
|d UtOrBLW
|
| 049 |
|
|
|a TXAM
|c [A11167862]
|
| 050 |
0 |
0 |
|a TJ1189
|b .T48 1988
|
| 082 |
0 |
|
|a 621.9/023
|2 19
|
| 100 |
1 |
|
|a Thyer, G. E.
|
| 245 |
1 |
0 |
|a Computer numerical control of machine tools /
|c G.E. Thyer.
|
| 264 |
|
1 |
|a New York, N.Y. :
|b Industrial Press,
|c 1988.
|
| 300 |
|
|
|a xiii, 241 pages :
|b illustrations ;
|c 25 cm.
|
| 336 |
|
|
|a text
|b txt
|2 rdacontent
|
| 337 |
|
|
|a unmediated
|b n
|2 rdamedia
|
| 338 |
|
|
|a volume
|b nc
|2 rdacarrier
|
| 500 |
|
|
|a Includes index.
|
| 650 |
|
0 |
|a Machine-tools
|x Numerical control
|x Data processing.
|
| 999 |
|
|
|a MARS
|
| 999 |
f |
f |
|s 0c24b068-776a-3836-9c2f-e8719185b8de
|i 44b00b89-c68d-3c82-973c-6253ef110177
|t 0
|
| 952 |
f |
f |
|p ric
|a Texas A&M University
|b Rellis Campus
|c Joint Library Facility
|d Remote Storage
|t 0
|e TJ1189 .T48 1988
|h Library of Congress classification
|i unmediated -- volume
|m A14811167862
|
| 998 |
f |
f |
|a TJ1189 .T48 1988
|t 0
|l Remote Storage
|